Optimalizácia separačných podmienok pre stanovenie enantiomérnych pomerov chirálnych zlúčenín vo vzorkách vín

Gespeichert in:
Bibliographische Detailangaben
1. Verfasser: Virba, Martin (Verfasst von)
Weitere Verfasser: Špánik, Ivan (Betreuung Doktorarbeit)
Format: Manuskript Buch
Sprache:Slowakisch
Veröffentlicht: 2019
Schlagworte:
Online-Zugang:http://is.stuba.sk/zp/portal_zp.pl?podrobnosti=140032
Tags: Tag hinzufügen
Keine Tags, Fügen Sie das erste Tag hinzu!

MARC

LEADER 00000ntm a22000003a 4500
001 stuzp74551
003 SK-STU
005 20190622211830.8
007 ta
008 150427s2015----xo-----f-mn---000-0-slo-d
040 |a STU  |b slo 
041 0 |a slo 
100 1 |a Virba, Martin  |u 041000  |4 aut  |U FCHPT Fakulta chemickej a potravinárskej technológie  |T FCHPT Ústav analytickej chémie  |X 88626  |U C1000  |Y 99  |7 88626 
242 0 1 |a The optimization of separation conditions for determination of enantiomer ratios of chiral componds in wine samples  |y eng 
245 1 0 |a Optimalizácia separačných podmienok pre stanovenie enantiomérnych pomerov chirálnych zlúčenín vo vzorkách vín 
260 |c 2019 
650 4 |a cyklodextríny  |2 slo 
650 4 |a chirálne separácie  |2 slo 
650 4 |a enantioméry  |2 slo 
650 4 |a chirálne zlúčeniny  |2 slo 
650 4 |a tokajské vína  |2 slo 
650 4 |a enantiomers  |2 eng 
650 4 |a chiral separations  |2 eng 
650 4 |a cyclodextrins  |2 eng 
650 4 |a chiral compounds  |2 eng 
650 4 |a tokai wines  |2 eng 
700 1 |a Špánik, Ivan  |u 041000  |k Z1  |4 ths  |U FCHPT Fakulta chemickej a potravinárskej technológie  |T FCHPT Ústav analytickej chémie  |X 3910  |U C1000  |Y 99  |7 A000003910 
856 4 |u http://is.stuba.sk/zp/portal_zp.pl?podrobnosti=140032